| Tag |
First Indicator |
Second Indicator |
Subfields |
| LEADER |
00000cam a2200000 a 4500 |
| 001 |
in00000082159 |
| 005 |
20151008055522.0 |
| 008 |
780621r1961 sz ab b 10000 eng d |
| 035 |
|
|
|a (OCoLC)03992334
|
| 035 |
|
|
|9 AAJ3681AM
|
| 040 |
|
|
|a SMI
|c SMI
|d m.c.
|d TXA
|d UtOrBLW
|
| 041 |
0 |
|
|a eng
|a fre
|
| 049 |
|
|
|a TXAM
|c [387587]
|
| 090 |
|
|
|a SK353
|b .E19
|
| 245 |
0 |
0 |
|a Ecology and management of wild, grazing animals in temperate zones :
|b Symposium = Ecologie et exploitation rationnelle des herbivores sauvages dans les pays temperes : Symposium. /
|c edited by F. Bouliere.
|
| 246 |
3 |
1 |
|a Ecologie et exploitation rationnelle des herbivores sauvages dans les pays temperes
|
| 264 |
|
1 |
|a Morges, Switzerland :
|b International Union for Conservation of Nature and Natural Resources,
|c [1961?]
|
| 300 |
|
|
|a pages 5-157, 181-358 pages, 7 unnumbered leaves of plates :
|b illustrations, maps ;
|c 24 cm.
|
| 336 |
|
|
|a text
|b txt
|2 rdacontent
|
| 337 |
|
|
|a unmediated
|b n
|2 rdamedia
|
| 338 |
|
|
|a volume
|b nc
|2 rdacarrier
|
| 500 |
|
|
|a 8th Technical Meeting, IUCN, Warszawa 15-24-VII-1960.
|
| 500 |
|
|
|a Reprinted from La Terre et la vie, Revue d'ecologie appliquee, 1961.
|
| 504 |
|
|
|a Includes bibliographies.
|
| 650 |
|
0 |
|a Wildlife management.
|
| 700 |
1 |
|
|a Bourlière, François,
|d 1913-1993.
|
| 710 |
2 |
|
|a International Union for Conservation of Nature and Natural Resources.
|
| 730 |
3 |
|
|a La Terre et la vie.
|
| 740 |
0 |
|
|a Ecologie et exploitation rationnelle des herbivores sauvages dans les pays temperes.
|
| 999 |
|
|
|a MARS
|
| 999 |
f |
f |
|s 5f3b1767-b2af-3bba-bc1c-58f276f49878
|i 517646ea-cb6c-3c9c-836c-92e40960856d
|t 0
|
| 952 |
f |
f |
|p ric
|a Texas A&M University
|b Rellis Campus
|c Joint Library Facility
|d Remote Storage
|t 0
|e SK353 .E19
|h Library of Congress classification
|i unmediated -- volume
|m A14806239785
|
| 998 |
f |
f |
|a SK353 .E19
|t 0
|l Remote Storage
|